| 000 | 00820nam a22002057a 4500 | ||
|---|---|---|---|
| 005 | 20130527161152.0 | ||
| 010 | _aB-506560-561 | ||
| 020 |
_a9788131788707 _c299.00 |
||
| 035 | _aB-506560-561 | ||
| 037 | _bKKP/Ven | ||
| 082 | _a512 | ||
| 245 |
_aSuper course in Mathematics Algebra II for the JEE-ISEET / _b(joint entrance examination-Indian science engineering eligibility test) |
||
| 246 | _aMathematics Algebra II | ||
| 260 |
_aNoida _bPearson _c2012 |
||
| 270 |
_a7th Floor, Knowledge Boulevard, A-8(A), Sec-62 _bNoida _e201309 |
||
| 300 |
_avarious pages _c28cm(pbk). |
||
| 500 | _aIt include index | ||
| 942 |
_2ddc _cEN _mSUP _h512 |
||
| 999 |
_c75861 _d75861 |
||